000 00569nam a2200169Ia 4500
008 090201s9999 xx 000 0 und d
010 _aKPL-33048
040 _bमराठी
041 _aमराठी
082 _a40302
_b33048
100 _aना सी फडके
245 _aही का कल्पद्रुमाची फळे
_cना सी फडके
260 _c2004
_bसरीता प्रकाशन
300 _a214
_bमोठा
600 _aही का कल्पद्रुमाची फळे
942 _cBOOK
999 _c237567
_d237567